5 Best, 5 Positions, 5 Years- Manchester City 2018-2023 - Statistics

General Stats
  • This quiz has been taken 59 times
  • The average score is 21 of 25
Answer Stats
Hint Answer % Correct
2. Norway Erling Haaland
100%
Centre-Forwards1. Argentina Sergio Aguero
100%
4. Portugal Bernardo Silva
98%
3. Spain David Silva
98%
Centre-Midfielders1. Belgium Kevin De Bruyne
96%
2. Algeria Riyad Mahrez
96%
3. Brazil Gabriel Jesus
94%
3. England John Stones
94%
Wingers1. England Raheem Sterling
94%
2. Spain Rodri
94%
2. Portugal Ruben Dias
94%
Centre-Backs1. Belgium Vincent Kompany
94%
5. Germany Ilkay Gundogan
92%
Full-Backs1. England Kyle Walker
92%
4. Ukraine Oleksandr Zinchenko
92%
2. Portugal Joao Cancelo
90%
4. Argentina Julian Alvarez
90%
3. Germany Leroy Sane
88%
5. Argentina Nicolas Otamendi
85%
4. England Jack Grealish
83%
4. Spain Aymeric Laporte
81%
3. France Benjamin Mendy
77%
5. Spain Ferran Torres
52%
5. England Fabian Delph
44%
5. England Liam Delap
23%
No matching quizzes found
Score Distribution
Percent of People with Each Score
Percentile by Number Answered
Your Score History
You have not taken this quiz